00604nam a22001937a 450000500170000001000150001702000260003203500130005803700130007108200130008410000170009724500970011425000110021126000440022227000830026630000250034950000190037470000170039320151119122253.0 aENG-114118 c595.00a9789350355947 aEN-97650 bDBAD/PUB a344.5401 aKumar, H. L. aLaw relating to disciplinary proceedings in industries / bby H. L. Kumar [and] Gaurav Kumar a9th ed aGurgaonbUniversal Law Publishingc2015 a14th Floor, Building No 10, Tower -B, DLFCyber City, Phase-IIbGurgaone122002 alvi,450p.c22cm(pbk) aIncludes index aGaurav Kumar